Jing, Gubbay & Ors v Avon Ground Rents Limited (Record no. 122071)
[ view plain ]
| 000 -LEADER | |
|---|---|
| fixed length control field | 01267naa a22002657a 4500 |
| 008 - FIXED-LENGTH DATA ELEMENTS--GENERAL INFORMATION | |
| fixed length control field | 241206e20241118xxk||||os||||o00| 0 eng d |
| 041 ## - LANGUAGE CODE | |
| Language code of text/sound track or separate title | eng |
| 245 ## - TITLE STATEMENT | |
| Title | Jing, Gubbay & Ors v Avon Ground Rents Limited |
| 260 ## - PUBLICATION INFORMATION | |
| Place of publication | LON/00BK/BSA/2024/0004, |
| Publisher | First-Tier Tribunal Property Chamber, |
| Date | 18 November 2024 |
| 520 ## - ABSTRACT | |
| Abstract | Residential Property Tribunal Decision of Judge Robert Latham and John Stead BSc (Hons) MSc (H-W) on Date 18 November 2024. With regard to 8 Artillery Row, London, SW1P 1RZ and request by leaseholder applicants for a remediation order under the Building Safety Act 2022. Issues included timber balconies and a plant room with an arch roof which was plywood lined and therefore combustible. |
| 650 ## - KEYWORDS | |
| Keywords | BALCONIES |
| 650 ## - KEYWORDS | |
| Keywords | BUILDING SAFETY ACT 2022 |
| 650 ## - KEYWORDS | |
| Keywords | CLADDING |
| 650 ## - KEYWORDS | |
| Keywords | DEFECTIVE MATERIALS |
| 650 ## - KEYWORDS | |
| Keywords | COMBUSTIBLE MATERIALS |
| 650 ## - KEYWORDS | |
| Keywords | FIRE SAFETY |
| 650 ## - KEYWORDS | |
| Keywords | HOUSING ACT 2004 |
| 650 ## - KEYWORDS | |
| Keywords | HIGHER-RISK BUILDINGS |
| 650 ## - KEYWORDS | |
| Keywords | PLANT ROOMS |
| 650 ## - KEYWORDS | |
| Keywords | REMEDIATION |
| 650 ## - KEYWORDS | |
| Keywords | REMEDIATION ORDERS |
| 650 ## - KEYWORDS | |
| Keywords | JUDGMENT |
| 651 ## - SUBJECT ADDED ENTRY--GEOGRAPHIC NAME | |
| Geographic name | United Kingdom |
| 856 ## - ONLINE RESOURCE | |
| Uniform Resource Identifier | https://assets.publishing.service.gov.uk/media/67473f7b886c31e352d8d0ea/20241118_Final_Decision_Artillery_Row_Latham.pdf |
| Public note | Available from FTT |
| Withdrawn status | Lost status | Damaged status | Koha normalized classification for sorting | Not for loan | Home library | Current library | Shelving location | Date acquired | Total Checkouts | Full call number | Date last seen | Price effective from | Koha item type |
|---|---|---|---|---|---|---|---|---|---|---|---|---|---|
| ONLINE_JUDGMENT | Virtual | Virtual | Online | 06/12/2024 | ONLINE JUDGMENT | 06/12/2024 | 06/12/2024 | Law report |